[Event "Nettetal Chessgate op"]
[Site "Nettetal"]
[Date "2004.08.14"]
[Round "8"]
[White "Coenen, Michael"]
[Black "Hurevich, Mikhail"]
[Result "1-0"]
[WhiteElo "1940"]
[BlackElo "1717"]
[PlyCount "49"]
[EventDate "2004.08.07"]
[EventType "swiss"]
[EventRounds "9"]
[EventCountry "GER"]
[SourceTitle "EXT 2006"]
[Source "ChessBase"]
[SourceDate "2005.11.24"]
[SourceVersion "1"]
[SourceVersionDate "2005.11.24"]
[SourceQuality "1"]

1. e4 d6 2. d4 Nf6 3. Nc3 e5 4. Nf3 exd4 5. Nxd4 Be7 6. f3 0-0 7. Be3 c6 8. Qd2 b5 9. 0-0-0 a6 10. g4 b4 11. Nce2 c5 12. Nf5 Bxf5 13. exf5 d5 14. g5 d4 15. Bxd4 cxd4 16. gxf6 Bxf6 17. Nxd4 Qa5 18. Bc4 Rd8 19. Nb3 Qb6 20. Qe2 Nc6 21. Rhe1 a5 22. Rxd8+ Qxd8 23. Bd5 Kf8 24. Bxc6 Bxb2+ 25. Kb1 1-0